| 000 | 00862nam a2200217Ii 4500 | ||
|---|---|---|---|
| 003 | JO-AjNU | ||
| 008 | 230605s9999||||xx |||||||||||||| ||und|| | ||
| 017 | _a2010/15186 | ||
| 040 |
_aJO-AjNU _bara _erda _cJO-AjNU |
||
| 041 | _aara | ||
| 050 | 1 | 4 | _aHF5414.A4424.2011 |
| 100 | 3 |
_aالعلاق، بشير عباس محمود, _eauthor _944826 |
|
| 245 | 0 | 0 | _aالتسويق الاجتماعي |
| 264 | 3 | 1 | _aالقاهرة:المنظمة العربية للتنمية الادارية؛2011 |
| 300 |
_a317ص _bيحتوي على ببلوغرافية من ص303-317ص |
||
| 336 |
_atext _btxt _2rdacontent |
||
| 337 |
_aunmediated _bn _2rdamedia |
||
| 338 |
_avolume _bnc _2rdacarrier |
||
| 490 | 0 | _a إصدرات المنظمة العربية للتنمية الإدارية. بحوث ودراسات؛480 | |
| 650 | 4 |
_aالتسويق الاجتماعي _944827 |
|
| 999 |
_aA19385 _c22953 _d22953 |
||